Pokémon - Attacken von Raichu in PLA - Statistiken

Allgemein
  • Dieses Quiz wurde 3 mal gespielt
  • Das Durchschnittsergebnis liegt bei 8 aus 19
Antwortstatistiken
Antwort % Korrekt
Donner
100%
Donnerblitz
100%
Eisenschweif
100%
Ruckzuckhieb
100%
Donnerschlag
67%
Donnerschock
67%
Donnerwelle
67%
Erholung
33%
Funkensprung
33%
Gigastoß
33%
Hyperstrahl
33%
Knuddler
33%
Volttackle
33%
Zertrümmerer
33%
Gedankengut
0%
Kulleraugen
0%
Ladestrahl
0%
Sternschauer
0%
Stromstoß
0%
Keine übereinstimmenden Quizze gefunden
Verteilung der Resultate
Anzahl Personen mit jedem Resultat
Perzentil nach korrekt beantworteten Fragen
Ihre Resultats-Entwicklung
Sie haben dieses Quiz noch nicht gespielt